| 000 | 00464cam a2200181ua 4500 | ||
|---|---|---|---|
| 020 | _a1-85166-614-1 | ||
| 041 |
_aeng _h |
||
| 082 |
_a664.3 _bROS/AN |
||
| 100 | _aRossel, J B. | ||
| 245 | 0 | 0 |
_aAnalysis of oilseeds, fats and fatty foods / _cJ B Rossell. _hTextual Documents |
| 250 |
_a1 / _b. |
||
| 260 |
_aLondon : _bElsevier applied sciences , _c1991. |
||
| 300 | _a58 ; . | ||
| 504 | _a | ||
| 700 | 1 | _aPritchard, J L R. | |
| 942 | _cBK | ||
| 999 |
_c157 _d157 |
||